000 005970000a22001810004500
003 MACL
005 20160413164504.0
008 160413b xxu||||| |||| 00| 0 eng d
040 _aMACL
_cMACL
041 _aHindi
082 _a610
100 _aडॉ अभयकुमार श्रीवास्‍तव
_952320
245 _aशरीर व्‍यायाम और क्रीडा चिकित्‍सा
260 _bप्रेरणा प्रकाशन
_c2004
_aदिल्‍ली
350 _a250
650 _aMedical Sci.
_933115
942 _cHIN
_k610
_2ddc
999 _c10221
_d10221